Catálogo público

Calidad física y fisiológica en dos tamaños de semilla de Cajanus cajan (L.) Millsp. / (Record no. 219743)

MARC details
000 -CABECERA
campo de control de longitud fija 01284nam a22002897a 4500
003 - IDENTIFICADOR DEL NÚMERO DE CONTROL
campo de control OSt
005 - FECHA Y HORA DE LA ÚLTIMA TRANSACCIÓN
campo de control 20240228105525.0
007 - CAMPO FIJO DE DESCRIPCIÓN FÍSICA--INFORMACIÓN GENERAL
campo de control de longitud fija cr ||||||a|c|a
008 - DATOS DE LONGITUD FIJA--INFORMACIÓN GENERAL
campo de control de longitud fija 240221s2023 mx ||||fom||| 001 0 spa d
040 ## - FUENTE DE LA CATALOGACIÓN
Normas de descripción rda
100 1# - ENTRADA PRINCIPAL--NOMBRE DE PERSONA
9 (RLIN) 188378
Nombre de persona Méndez Gaona, Efraín
245 10 - MENCIÓN DE TÍTULO
Título Calidad física y fisiológica en dos tamaños de semilla de Cajanus cajan (L.) Millsp. /
Mención de responsabilidad, etc. por Efraín Méndez Gaona, Kevin Uzikof Pérez Cruz; director de tesis Sergio Iban Mendoza Pedroza
264 #1 - PRODUCCIÓN, PUBLICACIÓN, DISTRIBUCIÓN, FABRICACIÓN Y COPYRIGHT
Producción, publicación, distribución, fabricación y copyright Chapingo, México :
Nombre del de productor, editor, distribuidor, fabricante El autor,
Fecha de producción, publicación, distribución, fabricación o copyright 2023
300 ## - DESCRIPCIÓN FÍSICA
Extensión 1 recurso en línea (44 páginas):
Otras características físicas Cuadros, figuras
336 ## - TIPO DE CONTENIDO
Fuente rdacontent
Término de tipo de contenido texto
Código de tipo de contenido txt
337 ## - TIPO DE MEDIO
Fuente rdamedia
Nombre/término del tipo de medio computadora
Código del tipo de medio c
338 ## - TIPO DE SOPORTE
Fuente rdacarrier
Nombre/término del tipo de soporte recurso en línea
Código del tipo de soporte cr
502 ## - NOTA DE TESIS
Tipo de título Ingeniero Agrónomo Especialista en Zootecnia
Nombre de la institución que otorga el título Departamento de Enseñanza, Investigación y Servicio en Zootecnia,
Año de obtención del título 2023
Información miscelánea Licenciatura
504 ## - NOTA DE BIBLIOGRAFÍA, ETC.
Nota de bibliografía, etc. Incluye referencias bibliográficas: páginas 28-35
650 #4 - PUNTO DE ACCESO ADICIONAL DE MATERIA--TÉRMINO DE MATERIA
9 (RLIN) 22830
Término de materia o nombre geográfico como elemento de entrada Chícharo
Subdivisión general Fisiología y morfología
650 #4 - PUNTO DE ACCESO ADICIONAL DE MATERIA--TÉRMINO DE MATERIA
9 (RLIN) 22840
Término de materia o nombre geográfico como elemento de entrada Chícharo
Subdivisión general Semilla
650 #4 - PUNTO DE ACCESO ADICIONAL DE MATERIA--TÉRMINO DE MATERIA
9 (RLIN) 103903
Término de materia o nombre geográfico como elemento de entrada Semillas
Subdivisión general Germinación
700 1# - PUNTO DE ACCESO ADICIONAL--NOMBRE DE PERSONA
9 (RLIN) 188379
Nombre de persona Pérez Cruz, Kevin Uzikof
700 1# - PUNTO DE ACCESO ADICIONAL--NOMBRE DE PERSONA
9 (RLIN) 74719
Nombre de persona Mendoza Pedroza, Sergio Ibán
Término indicativo de función/relación Director de tesis
856 ## - LOCALIZACIÓN Y ACCESO ELECTRÓNICOS
Identificador Uniforme del Recurso http://10.13.5.2/tesis/tl/1711685-9_Y_1311956-5_MENDEZ_GAONA_EFRAIN_Y_PEREZ_CRUZ_KEVINUZIKOF.pdf
Nota pública DESCARGAR PDF
942 ## - ELEMENTOS DE PUNTO DE ACCESO ADICIONAL (KOHA)
Fuente del sistema de clasificación o colocación Clasificación Universidad Autónoma Chapingo
Tipo de ítem Koha Tesis digital
Holdings
Estado de retiro Estado de pérdida Fuente del sistema de clasificación o colocación Estado dañado Restricciones de uso No para préstamo Código de colección Localización permanente Ubicación/localización actual Ubicación en estantería Fecha de adquisición Total de préstamos Signatura topográfica completa Fecha visto por última vez Precio válido a partir de Tipo de ítem Koha
    Clasificación Universidad Autónoma de Chapingo   Préstamo interno   Tesis digitales de Licenciatura Biblioteca Digital Biblioteca Digital En línea 21/02/2024   Tesis digital 21/02/2024 21/02/2024 Tesis digital